00660nam a2200193 i 4500001000700000003000900007005001700016007000300033008004100036100003300077245006200110250001500172260003900187300003000226650003700256852003200293999001900325952012200344145529ES-MaACL20230906201242.0t|071015s1968 sp ||||1| cat d1 aVentalló, Joaquim.911389614aLes escoles populares ahir i avui / cJoaquim Ventalló. a[1ª ed.]. aBarcelona : bNova Terra, c[1968] a126 p. : bil. ; c21 cm. aEnseñanza-zBarcelona.9171491 aES-MaACLjC-29881 bR.66009 c145529d145529 00104070aATENEOMbATENEOMcDEPO2d2008-01-17eSCl0oC-29881p1151905r2023-02-23 00:00:00w2023-02-23yMONOGRAFIA